"Desde París" y otras prosas de los años veinte / (Registro nro. 240423)

Detalles MARC
000 -LEADER
fixed length control field 01527nam a2200385Ii 4500
001 - CONTROL NUMBER
control field DIGPUBL050
003 - CONTROL NUMBER IDENTIFIER
control field NyNyDIG
008 - FIXED-LENGTH DATA ELEMENTS--GENERAL INFORMATION
fixed length control field 141201t20122013nyu o 000 p spa d
006 - FIXED-LENGTH DATA ELEMENTS--ADDITIONAL MATERIAL CHARACTERISTICS
fixed length control field m o d
007 - PHYSICAL DESCRIPTION FIXED FIELD--GENERAL INFORMATION
fixed length control field cr |||||||||||
035 ## - SYSTEM CONTROL NUMBER
System control number (OCoLC)991991767
040 ## - CATALOGING SOURCE
Original cataloging agency DGITA
Language of cataloging eng
Description conventions rda
-- pn
Transcribing agency DIGITA
020 ## - INTERNATIONAL STANDARD BOOK NUMBER
International Standard Book Number 9781935242116
Qualifying information (eBook)
050 14 - LIBRARY OF CONGRESS CALL NUMBER
Classification number PQ6613.U5 eBook
100 1# - MAIN ENTRY--PERSONAL NAME
Personal name Guillén, Jorge, 1893-1984
Relator term author.
245 10 - TITLE STATEMENT
Title "Desde París" y otras prosas de los años veinte /
Statement of responsibility, etc. Jorge Guillén ; [edición y prólogo de Eduardo Creus Visiers ; cronobiografía de Miguel Angel Valladares Llata].
264 #1 - PRODUCTION, PUBLICATION, DISTRIBUTION, MANUFACTURE, AND COPYRIGHT NOTICE
Place of production, publication, distribution, manufacture New York, NY. :
Name of producer, publisher, distributor, manufacturer Digitalia Publishing Group,
Date of production, publication, distribution, manufacture, or copyright notice 2012.
264 #4 - PRODUCTION, PUBLICATION, DISTRIBUTION, MANUFACTURE, AND COPYRIGHT NOTICE
Date of production, publication, distribution, manufacture, or copyright notice ©2013
300 ## - PHYSICAL DESCRIPTION
Extent 1 online resource (461 pages)
336 ## - CONTENT TYPE
Content type term text
Content type code txt
Source rdacontent
337 ## - MEDIA TYPE
Media type term computer
Media type code c
Source rdamedia
338 ## - CARRIER TYPE
Carrier type term online resource
Carrier type code cr
Source rdacarrier
490 1# - SERIES STATEMENT
Series statement Colección letras de plata
500 ## - GENERAL NOTE
General note Includes: "Cronobiografia" (pages 437-461).
588 0# - SOURCE OF DESCRIPTION NOTE
Source of description note Online resource; title from ePub and PDF title page (Digitalia, viewed December 1, 2014)
655 #0 - INDEX TERM--GENRE/FORM
Genre/form data or focus term Electronic books.
700 1# - ADDED ENTRY--PERSONAL NAME
Personal name Creus Visiers, Eduardo,
Relator term editor
700 1# - ADDED ENTRY--PERSONAL NAME
Personal name Valladares, Miguel,
Dates associated with a name 1959-
Relator term contributor agent of text.
791 2# -
-- Digitalia (Firm),
-- distributor.
793 0# -
-- Digitalia eBook Collection:
-- Digitalia Publishing Group.
830 #0 - SERIES ADDED ENTRY--UNIFORM TITLE
Uniform title Colección letras de plata.
856 40 - ELECTRONIC LOCATION AND ACCESS
Materials specified Digitalia Hispánica
Uniform Resource Identifier <a href="https://www.digitaliapublishing.com/a/30351/">https://www.digitaliapublishing.com/a/30351/</a>
910 ## - USER-OPTION DATA (OCLC)
User-option data Premium Collection: 2014
942 ## - ADDED ENTRY ELEMENTS (KOHA)
Koha item type Recurso Electrónico
Existencias
Withdrawn status Lost status Damaged status Not for loan Collection Home library Current library Date acquired Total checkouts Date last seen Price effective from Koha item type
        Digitalia Ebooks Hispanica Biblioteca Digital UIN Biblioteca Digital UIN 04/25/2025   04/25/2025 04/25/2025 Recurso Electrónico

CONTACTO


NOSOTROS


SITIOS DE INTERES

coordinacion.biblioteca.biblioteca@unienlinea.mx Misión, Visión y Objetivos Bases de datos
Directorio Bibliotecas Digitales y Repositorios
Normatividad Revistas y artículos
Convenios interbibliotecarios
Boletines



Hecho en México. Universidad Insurgentes (UIN). Todos los derechos reservados 2024. Esta página y sus contenidos pueden ser reproducidos con fines no lucrativos, siempre y cuando no se mutile, se cite la fuente completa y su dirección electrónicas. De otra forma requiere permiso previo por escrito de la institución




2024 Copyright Universidad Insurgentes | www.bibliouin.com.mx